Francúzska ekonomika - viac stúpaní a klesaní ako v Tour de France

Oslabenie rastu francúzskej ekonomiky od r. 1995. Finančná politika a makroekonomické ukazovatele. Problémy francúzskych priemyselných podnikov. Privatizácia a zahraničné investície. Prosperita bánk. Poistný sektor.

Salvato in:
Dettagli Bibliografici
Autore principale: Janoška, J.
Natura: Capitolo di libro
Lingua:slovacco
Soggetti:
Tags: Aggiungi Tag
Nessun Tag, puoi essere il primo ad aggiungerne!!

MARC

LEADER 00000naa a2200000 4500
001 r021490
005 20230801105454.5
041 0 |a slo 
044 |a SK 
245 1 0 |a Francúzska ekonomika - viac stúpaní a klesaní ako v Tour de France  |c J. Janoška 
520 |a Oslabenie rastu francúzskej ekonomiky od r. 1995. Finančná politika a makroekonomické ukazovatele. Problémy francúzskych priemyselných podnikov. Privatizácia a zahraničné investície. Prosperita bánk. Poistný sektor. 
610 2 0 |a Francúzsko 
610 2 0 |a 1992-1997 
610 2 0 |a situácia hospodárska 
610 2 0 |a politika finančná 
610 2 0 |a ukazovatele ekonomické 
610 2 0 |a privatizácia 
610 2 0 |a investície zahraničné 
610 2 0 |a podnik priemyselný 
610 2 0 |a banky 
610 2 0 |a poisťovne 
100 1 |a Janoška, J.